ARRUPE JESUIT UNIVERSITY

CORONAVIRUS -STOP THE SPREAD - CLEAN,DISINFECT,COVER

Check your own I.Q. (Record no. 127698)

MARC details
000 -LEADER
fixed length control field 00806cam a22002771 4500
001 - CONTROL NUMBER
control field 6143075
003 - CONTROL NUMBER IDENTIFIER
control field ARRUPE
005 - DATE AND TIME OF LATEST TRANSACTION
control field 20180320094352.0
008 - FIXED-LENGTH DATA ELEMENTS--GENERAL INFORMATION
fixed length control field 870922s1966 enka 000 0 eng
010 ## - LIBRARY OF CONGRESS CONTROL NUMBER
LC control number 67083078
015 ## - NATIONAL BIBLIOGRAPHY NUMBER
National bibliography number B66-10228
035 ## - SYSTEM CONTROL NUMBER
System control number (OCoLC)16729257
040 ## - CATALOGING SOURCE
Original cataloging agency DLC
Transcribing agency OrPS
Modifying agency Uk
-- DLC
042 ## - AUTHENTICATION CODE
Authentication code premarc
050 10 - LIBRARY OF CONGRESS CALL NUMBER
Classification number BF431
Item number .E95
082 ## - DEWEY DECIMAL CLASSIFICATION NUMBER
Classification number 153.9/3
300 ## - PHYSICAL DESCRIPTION
Dimensions 18 cm.
100 1# - MAIN ENTRY--PERSONAL NAME
Personal name Eysenck, H. J.
Fuller form of name (Hans Jurgen),
Dates associated with a name 1916-1997.
9 (RLIN) 40752
245 10 - TITLE STATEMENT
Title Check your own I.Q.
Statement of responsibility, etc Hans Jurgen Eysenck.
260 ## - PUBLICATION, DISTRIBUTION, ETC. (IMPRINT)
Place of publication, distribution, etc Harmondsworth,
Name of publisher, distributor, etc Penguin,
Date of publication, distribution, etc 1966.
300 ## - PHYSICAL DESCRIPTION
Extent 192 p.
490 0# - SERIES STATEMENT
Series statement Pelican books,
Volume number/sequential designation A656
650 #0 - SUBJECT ADDED ENTRY--TOPICAL TERM
Topical term or geographic name as entry element Mental tests.
9 (RLIN) 40753
906 ## - LOCAL DATA ELEMENT F, LDF (RLIN)
a 7
b cbc
c oclcrpl
d u
e ncip
f 19
g y-gencatlg
942 ## - ADDED ENTRY ELEMENTS (KOHA)
Source of classification or shelving scheme Library of Congress Classification
Koha item type Monograph ( Printed materials)
Holdings
Withdrawn status Lost status Source of classification or shelving scheme Damaged status Not for loan Collection code Home library Current library Shelving location Date acquired Total Checkouts Full call number Barcode Date last seen Date checked out Price effective from Koha item type
    Library of Congress Classification     Main Collection ARRUPE LIBRARY ARRUPE LIBRARY Main Collection 20/03/2018 1 BF431 .E95 46600001433 14/05/2019 16/04/2019 20/03/2018 Monograph ( Printed materials)

 

Arrupe Library. PO Box MP320 Mt Pleasant, Harare, Zimbabwe
263 242 745411|librarian@aju.ac.zw